| 000 | 00944nam0a22002651 4500 | ||
|---|---|---|---|
| 001 | rc\3202074 | ||
| 005 | 20250609191019.0 | ||
| 021 |
_aRU _b[76-36026] |
||
| 035 | _a(NLR Aleph) 007462440 | ||
| 090 |
_a7331300 _c7331300 |
||
| 100 | _a20130115d1976 |||y0rusy50 ca | ||
| 101 | 0 | _arus | |
| 102 | _aRU | ||
| 105 | _aa g ||||| | ||
| 200 | 1 |
_aСправочник бригадира-монтажника строительных конструкций _fА.Н. Гайдуков |
|
| 210 |
_aКишинев _cКартя молдовеняскэ _d1976 |
||
| 215 |
_a96 с. _cил. _d21 |
||
| 225 | 1 | _aБиблиотечка строителя | |
| 606 |
_aСтроительные конструкции _xМонтаж _jСправочники _2psbo |
||
| 700 | 1 |
_aГайдуков _bА.Н. _gАнатолий Николаевич |
|
| 801 | 0 |
_aRU _bNLR _gpsbo |
|
| 801 | 1 |
_aRU _bELAR _2rusmarc |
|
| 852 |
_aNLR _j76-6/6277 |
||
| 942 | _cBOOK | ||
| 980 | _aNB | ||